000
00187nam a22000977a 4500
003
SGT
245
_a
Oral Health & Preventive Dentistry
260
_c
2006
300
_a
290
942
_2
ddc
_c
BV
999
_c
30263
_d
30263